000 00571nam a2200181Ia 4500
003 GCL
008 140319s9999 xx 000 0 ara d
040 _aGCL /
_cGCL
082 0 4 _a001.6424
_bم م
100 1 _aمحمد الفيومى
245 1 0 _aمقدمة فى علم الحاسبات الالكترونية والبرمجة بلغة بيسك /
_cمحمد الفيومى
260 _a[S.N] :
_bدار الفرقان ،
_c1985
300 _a458 ص
490 _a
650 0 4 _aالحاسبات الالكترونية
650 0 4 _aباسيك
942 _2ddc
_cBK
999 _c52668
_d52668